00866nam a22002537a 450000500170000001000270001702000260004403500120007003500130008203500130009503700450010803700130015303700260016608200080019210000230020024500750022325000180029826000390031627000610035530000330041650001130044965000260056270000240058820190320110248.0 aB-713334 B-705546 c650.00a9789386544421 aB-30206 aB-705546 aB-713334 bRP-ZLS-1310 / PUB-01-02:9 / RP-01-02:ENG bRK Books bAksharesh Enterprises14a3501 aAvasthi, Amreshwar1 aPublic administration /cby Amreshwar Avasthi [and] Shriram Maheshwari a34th rev. ed. aAgrabLakshmi Narain Agarwalc2018 aAnupam Plaza-I, Block No. 50, Sanjay PlacebAgrae282002 axii, 678p.:c24cm(pbk)bill. aFor Civil Services/State Services (Mains) Examinations and for P.G. and U.G. Classes of Various Universities aPublic administration aMaheshwari, Shriram